| 000 | 00503nam a22001937a 4500 | ||
|---|---|---|---|
| 003 | OSt | ||
| 005 | 20130410130001.0 | ||
| 008 | 130409s2012 sp ||||| |||| 00| | spa d | ||
| 020 | _a978841516391916 | ||
| 040 | _cCDMR | ||
| 100 | 2 |
_93104 _aRomeu |
|
| 245 |
_aAhora que aún me acuerdo de todo (o casi) -- _cRomeu |
||
| 250 | _a1a ed. | ||
| 260 |
_aBilbao _bAstiberri _c2012 |
||
| 300 |
_a189 p [4] _bil. b/n |
||
| 600 | 2 |
_93104 _aRomeu _vBiografia |
|
| 650 | 0 | 4 |
_93084 _aHumorisme gràfic |
| 942 |
_2udc _cMON |
||
| 999 |
_c6054 _d6054 |
||